| 000 | 00448nam a22001697a 4500 | ||
|---|---|---|---|
| 003 | OSt | ||
| 005 | 20250225161326.0 | ||
| 008 | 250225b |||||||| |||| 00| 0 eng d | ||
| 040 | _cChuka University Library | ||
| 050 |
_aDT 443 _b.A35 1978 |
||
| 100 |
_aAbdallah Bin Hemedi'IAjjemy _918448 |
||
| 245 | _aHabari za WaKilindi | ||
| 260 |
_aNairobi _bK.L.B _c1978 |
||
| 300 | _a254P. | ||
| 650 |
_aKilindi(African people) _918449 |
||
| 942 |
_2lcc _cBK _n0 |
||
| 999 |
_c18653 _d18653 |
||